000 00861nam a2200289Ia 4500
003 OSt
005 20220927103614.0
006 a|||||r|||| 00| 0
007 ta
008 220926b |||||||| |||| 00| 0 eng d
024 _a113213
037 _cReference Collections
040 _aRTL
_cRTL
_beng
041 _2eng
_aeng
082 _a"KZ2:4241, K7/UN"
100 _aScott G R
_9360383
110 _a"UN, Food And Agriculture Organization"
245 0 _aDiagnosis of rinderpest
260 _aRome
_bFood And Agriculture Organization
_c1967
300 _a"xiv, 141p."
_ccm.
490 _aAgricultural Studies. 71.
500 _aBibliography p.118-30
650 _aZoology
_9360384
700 _a"UN, Food And Agriculture Organization"
942 _h"KZ2:4241, K7/UN"
_cCC
999 _c684240
_d684240